000 01730nam a2200253Ia 4500
999 _c56125
_d56125
001 23226
003 GE_BSU
005 20250916161057.0
008 181216s1967||||ge |||||||||||||| ||geo||
040 _cGE_BSU
041 _ageo
080 _a94(479.22)"05/17" + 327(479.22:470) ბ-57
100 _aბერძენიშვილი, ნიკოლოზ
_91447
245 _aსაქართველოს ისტორიის საკითხები. წ. 4 :
_b[ფეოდალური ხანა. რუსეთთან პოლიტიკური ურთიერთობის საკითხები] /
_cნიკოლოზ ბერძენიშვილი ; სარედ. კოლეგ. : ბ. აკოფაშვილი, მ. ბერძენიშვილი და სხვ. ; მხატვ. გ. ნადირაძე ; საქ. სსრ მეცნ. აკად., ივ. ჯავახიშვილის სახ. ისტორიის ინ-ტი.
264 _aთბილისი :
_bმეცნიერება,
_c1967.
300 _a368 გვ. ;
_c 22 სმ.
500 _aსაძიებლები : გეოგრაფიულ სახელთა, პირთა სახელები გვ. 352-367
520 _aგაშლ. თავფ. რუს. ენ.
541 _h3ლ. 40თ.
653 _aსაქართველოს ისტორიის საკითხები. წ. 4
653 _aფეოდალური ხანა
653 _aრუსეთთან პოლიტიკური ურთიერთობის საკითხები
942 _cBK
_2udc